| 000 | 00742nam a22002297a 4500 | ||
|---|---|---|---|
| 005 | 20170124110243.0 | ||
| 010 | _aA-998058 | ||
| 020 |
_c250.00 _a8176930156 |
||
| 035 | _aA-998058 | ||
| 037 | _bCen Lib/Ret | ||
| 040 |
_aDPL _bEN |
||
| 082 |
_a320.55 _bPUR |
||
| 100 |
_aPurandare, Vaibhav _996082 |
||
| 245 |
_aThe Sena story / _cby Vaibhav Purandare |
||
| 260 |
_aMumbai _bBusiness Publications _c1999 |
||
| 270 |
_a229/A 2nd Floor, Krantiveer Rajguru Marg Girgaon _bMumbai _e400004 |
||
| 300 |
_axvi,462p. _c21cm(pbk) |
||
| 500 | _aIncludes bibliographical references and index | ||
| 650 |
_aShiv Sena -- History -- 20th century. _996083 |
||
| 650 |
_aShiv Sena _996084 |
||
| 942 |
_2ddc _cEN _h320.55 _mPUR |
||
| 999 |
_c135307 _d135307 |
||